Dirigentes y sistema Braille: vivencias y testimonios de dirigentes de reconocida trayectoria

Guardat en:
Dades bibliogràfiques
Autor corporatiu: Fundación Braille del Uruguay (Autor)
Format: Llibre
Idioma:espanyol
Publicat: Montevideo FBU 1999
Matèries:
Etiquetes: Afegir etiqueta
Sense etiquetes, Sigues el primer a etiquetar aquest registre!

MARC

LEADER 00000nam a2200000 a 4500
001 UCO4358
003 CL-VaPUC
008 000804e19990000UY |||||||||||||||||spa|d
082 0 4 |a 411  |b FUN  |2 21 
110 2 |a Fundación Braille del Uruguay  |e author  |9 448826 
245 1 0 |a Dirigentes y sistema Braille: vivencias y testimonios de dirigentes de reconocida trayectoria 
300 |a 112 p 
942 |c BK 
945 |d 20000804 00:00:00  |a rbrito 
260 |a Montevideo  |b FBU  |c 1999 
650 7 |a SISTEMA BRAILLE  |2 CL-VaPUC  |9 340592 
650 0 |a Educación especial  |9 307486 
650 7 |a CIEGOS  |2 CL-VaPUC  |9 309876 
650 7 |a CEGUERA  |2 CL-VaPUC  |9 310294 
583 |a last modification  |c 20170907 01:29:29  |k Rodrigo Vera 
999 |c 290411  |d 290409 
952 |0 0  |1 0  |4 0  |6 411_000000000000000_FUN_1999  |7 0  |8 P  |9 339795  |a BIBEDU  |b BIBEDU  |c BIBEDU_PB  |d 2019-11-20  |i 3630854  |o 411 FUN 1999  |p 3630854  |r 2024-01-25  |w 2019-11-20  |y BK  |k BME